000 00725cam a22002533a 4500
001 30431
003 PGUSA
005 20140828083646.0
008 091108s2009||||xxu|||||s|||||000 1 eng d
040 _aPGUSA
_beng
042 _adc
050 4 _aPS
100 1 _aMerwin, Samuel,
_d1874-1936
245 1 0 _aCalumet 'K'
_h[electronic resource] /
_cSamuel Merwin
260 _bProject Gutenberg,
_c2009
506 _aPublic domain in the USA.
516 _aElectronic text
653 _aEngineers -- Fiction
653 _aPsychological fiction
653 _aGrain elevators -- Design and construction -- Fiction
830 0 _aProject Gutenberg
_v30431
856 4 0 _uhttp://www.gutenberg.org/ebooks/30431
942 _cEB
999 _c259686
_d259686